Statistics for The Solar System by Clue

Click here to take the quiz!

General Stats

  • This quiz has been taken 53 times
  • The average score is 11 of 20

Answer Stats

HintAnswer% Correct
Has been demoted to dwarf planet statusPluto
100%
Has the shortest day of any major planet in the Solar SystemJupiter
98%
Boasts the Solar System's tallest known mountainMars
98%
This planet has a density lower than waterSaturn
98%
Has a number of moons named for Shakespearian charactersUranus
98%
The hottest planet, with a mean surface temperature of 462 °CVenus
93%
Its core comprises approximately 75% of the entire planetMercury
85%
Is approximately 4.5 billion years oldSun
74%
Largest moon in the Solar SystemGanymede
61%
The only known natural satellite to have a dense atmosphereTitan
50%
Has the smoothest surface of any known solid object in the Solar System, suggesting it may have a liquid water oceanEuropa
46%
Returns to Earth's skies approximately every 76 yearsHalley's Comet
46%
Is mutually tide-locked with the aboveCharon
43%
The only large natural satellite with a retrograde orbitTriton
33%
Region extending out from the orbit of Neptune containing a number of known dwarf planetsKuiper Belt
30%
Two moons named after the twin Greek gods of fear and panicPhobos and Deimos
28%
Known for its geyser-like jets of icy particlesEnceladus
26%
Moon known for its resemblance to a Star Wars death starMimas
22%
Name of the succesful mission to land a probe on a cometRosetta
9%
Minor planet discovered in 1986, sometimes described as Earth's second moonCruithne
2%

Score Distribution

Percentile by Number Answered

Percent of People with Each Score

Your Score History

You have not taken this quiz